| 000 | 01183nam0a2200313 4500 | ||
|---|---|---|---|
| 001 | RU\NLR\BIBL_A\022785327 | ||
| 005 | 20260628201249.0 | ||
| 010 |
_a978-5-00185-887-4 _93000 |
||
| 035 | _a(NLR Aleph) 022785327 | ||
| 090 |
_a13742322 _c13742322 |
||
| 100 | _a20260415d2026 c y0rusy50 ca | ||
| 101 | 0 | _arus | |
| 102 | _aRU | ||
| 105 | _aa z 000ay | ||
| 181 | 0 |
_ai3 _baxxe |
|
| 182 | 0 | _an | |
| 200 | 1 |
_aЭту рыбу каждый знает _e[для младшего школьного возраста] _fГалина Мальцева _gиллюстрации Анны Борисовой |
|
| 203 |
_aТекст _bвизуальный _cнепосредственный |
||
| 210 |
_aМосква _cПросвещение-Союз _d2026 (печ. 2025) |
||
| 215 |
_a61, [2] с. _cцв. ил. _d23 |
||
| 333 | _a0+ | ||
| 686 | 0 | _aШ9(2)60=Р7-2 | |
| 700 | 1 |
_aМальцева _bГ. А. _gГалина Анатольевна |
|
| 702 | 1 |
_7ca _8rus _aБорисова _bА. А. _cиллюстратор _f1980- _gАнна А. _92651262 _3RU\NLR\AUTH\770279295 |
|
| 942 | _cBOOK | ||
| 980 | _aNB | ||